The Japanese film : Art and industry
The Japanese have probably produced the most original, complex, and entertaining films in the international cinema. Anderson and Ritchie tell the story of the Japanese film from a number of different perspectives. Beginning with a compelling chronological overview, they go on to describe Japanese fi...
Αποθηκεύτηκε σε:
| Κύριος συγγραφέας: | |
|---|---|
| Μορφή: | Βιβλίο |
| Γλώσσα: | Undetermined |
| Έκδοση: |
New Jersey
Princeton University Press
1982
|
| Θέματα: | |
| Ετικέτες: |
Προσθήκη ετικέτας
Δεν υπάρχουν, Καταχωρήστε ετικέτα πρώτοι!
|
| Thư viện lưu trữ: | Trung tâm Học liệu Trường Đại học Cần Thơ |
|---|
| LEADER | 01093nam a2200229Ia 4500 | ||
|---|---|---|---|
| 001 | CTU_107846 | ||
| 008 | 210402s9999 xx 000 0 und d | ||
| 082 | |a 791.430952 | ||
| 082 | |b A547 | ||
| 100 | |a Anderson, Joseph I. | ||
| 245 | 4 | |a The Japanese film : | |
| 245 | 0 | |b Art and industry | |
| 245 | 0 | |c Joseph I. Anderson | |
| 260 | |a New Jersey | ||
| 260 | |b Princeton University Press | ||
| 260 | |c 1982 | ||
| 520 | |a The Japanese have probably produced the most original, complex, and entertaining films in the international cinema. Anderson and Ritchie tell the story of the Japanese film from a number of different perspectives. Beginning with a compelling chronological overview, they go on to describe Japanese film through its various techniques, its directors, its actors and its audiences. Few industries have had a more fascinating history and Anderson and Ritchie do it justice in this fine and informative book. | ||
| 650 | |a Motion pictures | ||
| 650 | |x History | ||
| 650 | |z Japan | ||
| 904 | |i Bạch Trúc | ||
| 980 | |a Trung tâm Học liệu Trường Đại học Cần Thơ | ||